000
00225nam a2200097Ia 4500
008
240331s9999 xx 000 0 und d
082
_a
300.7
_b
BAB
100
_a
Babbie, E
245
4
_a
The practice of social research
942
_c
L
999
_c
1072
_d
1072